[Event "Chigorin Memorial 30th"]
[Site "St Petersburg"]
[Date "2023.10.23"]
[Round "3"]
[White "Volgin, Maksim"]
[Black "Khadzhiev, Valery"]
[Result "1-0"]
[WhiteElo "1487"]
[BlackElo "1898"]
[PlyCount "71"]
[EventDate "2023.10.21"]
[EventType "swiss"]
[EventRounds "9"]
[EventCountry "RUS"]
[SourceTitle "Mega2024 Update 01"]
[Source "Chessbase"]
[SourceDate "2023.11.12"]
[SourceVersion "1"]
[SourceVersionDate "2023.11.12"]
[SourceQuality "1"]

1. e4 e6 2. d4 d5 3. exd5 exd5 4. Bd3 Nf6 5. Nf3 Bg4 6. 0-0 Be7 7. h3 Bh5 8. Bf4 0-0 9. c3 c6 10. Nbd2 Nbd7 11. Re1 Re8 12. Qc2 Bg6 13. Bxg6 hxg6 14. Ne5 Nh5 15. Bh2 Bd6 16. Ndf3 Qc7 17. Nxd7 Bxh2+ 18. Nxh2 Qxd7 19. Ng4 Nf4 20. Ne5 Qf5 21. Qxf5 gxf5 22. Rad1 Re7 23. Nf3 Rae8 24. Rxe7 Rxe7 25. Kf1 Kf8 26. Ne5 g6 27. Nd3 Nxd3 28. Rxd3 Ke8 29. Re3 Rxe3 30. fxe3 Ke7 31. Ke2 g5 32. g3 f6 33. Kd3 Ke6 34. c4 dxc4+ 35. Kxc4 Kf7 36. d5 1-0